<?xml version="1.0" encoding="UTF-8"?>
<record
    xmlns:xsi="http://www.w3.org/2001/XMLSchema-instance"
    xsi:schemaLocation="http://www.loc.gov/MARC21/slim http://www.loc.gov/standards/marcxml/schema/MARC21slim.xsd"
    xmlns="http://www.loc.gov/MARC21/slim">

  <leader>00623nam a22001577a 4500</leader>
  <controlfield tag="003">OSt</controlfield>
  <controlfield tag="005">20151002103329.0</controlfield>
  <controlfield tag="008">151002b        xxu||||| |||| 00| 0 eng d</controlfield>
  <datafield tag="040" ind1=" " ind2=" ">
    <subfield code="c">RUA</subfield>
  </datafield>
  <datafield tag="082" ind1=" " ind2=" ">
    <subfield code="a">AVM &#x1794;&#x17CA;&#x17BB;&#x1793; 1989 B065 Or.1</subfield>
  </datafield>
  <datafield tag="100" ind1=" " ind2=" ">
    <subfield code="9">1731</subfield>
    <subfield code="a">&#x1794;&#x17CA;&#x17BB;&#x1793; &#x1792;&#x17BF;&#x1793;</subfield>
  </datafield>
  <datafield tag="245" ind1=" " ind2=" ">
    <subfield code="a">&#x1797;&#x17B6;&#x1796;&#x179A;&#x17BD;&#x179F;&#x1793;&#x17C3;&#x1798;&#x17C1;&#x179A;&#x17C4;&#x1782;&#x179F;&#x17B6;&#x179B;&#x17CB;&#x1798;&#x17C9;&#x17BC;&#x178E;&#x17C2;&#x179B;&#x17A1;&#x17BC;&#x179F; (s. typhi) &#x1785;&#x17C6;&#x1796;&#x17C4;&#x17C7;&#x1794;&#x178E;&#x17D2;&#x178F;&#x17B6;&#x17A2;&#x1784;&#x17CB;&#x1791;&#x17B8;&#x1794;&#x17CA;&#x17B8;&#x1799;&#x17C9;&#x17BC;&#x1791;&#x17B7;&#x1785; &#x1793;&#x17B7;&#x1784;&#x200B; &#x179F;&#x17CA;&#x17BB;&#x179B;&#x17A0;&#x17D2;&#x179C;&#x17B6;&#x1791;&#x17B8;&#x17A1;&#x17B6;&#x1798;&#x17B8;&#x178F;&#x1798;&#x17BD;&#x1799;&#x1785;&#x17C6;&#x1793;&#x17BD;&#x1793;</subfield>
  </datafield>
  <datafield tag="260" ind1=" " ind2=" ">
    <subfield code="a">Phnom Penh</subfield>
    <subfield code="b">RUA</subfield>
    <subfield code="c">1989</subfield>
  </datafield>
  <datafield tag="300" ind1=" " ind2=" ">
    <subfield code="a">81p.</subfield>
    <subfield code="b">ill.</subfield>
    <subfield code="c">29cm.</subfield>
  </datafield>
  <datafield tag="942" ind1=" " ind2=" ">
    <subfield code="2">ddc</subfield>
    <subfield code="c">AVM</subfield>
  </datafield>
  <datafield tag="999" ind1=" " ind2=" ">
    <subfield code="c">1632</subfield>
    <subfield code="d">1632</subfield>
  </datafield>
  <datafield tag="952" ind1=" " ind2=" ">
    <subfield code="0">0</subfield>
    <subfield code="1">0</subfield>
    <subfield code="2">ddc</subfield>
    <subfield code="4">0</subfield>
    <subfield code="6">AVM_&#x1794;&#x17BB;&#x1793;_1989_000000000000000_B065_OR_1</subfield>
    <subfield code="7">0</subfield>
    <subfield code="9">7237</subfield>
    <subfield code="a">LBB</subfield>
    <subfield code="b">LBB</subfield>
    <subfield code="c">B065</subfield>
    <subfield code="d">2015-10-02</subfield>
    <subfield code="o">AVM &#x1794;&#x17CA;&#x17BB;&#x1793; 1989 B065 Or.1</subfield>
    <subfield code="p">RUA007007</subfield>
    <subfield code="r">2015-10-02</subfield>
    <subfield code="w">2015-10-02</subfield>
    <subfield code="y">AVM</subfield>
  </datafield>
</record>
